The Corporation : (Record no. 610631)

MARC details
000 -LEADER
fixed length control field 00495nam a2200193 a 4500
008 - FIXED-LENGTH DATA ELEMENTS--GENERAL INFORMATION
fixed length control field 260206s2005##################000#0#eng##
020 ## - INTERNATIONAL STANDARD BOOK NUMBER
ISBN 9780743247467
082 04 - DEWEY DECIMAL CLASSIFICATION NUMBER
Classification number 306.3
Item number BAK
100 1# - MAIN ENTRY--AUTHOR NAME
Personal name Bakan, Joel,
245 10 - TITLE STATEMENT
Title The Corporation :
260 ## - PUBLICATION, DISTRIBUTION, ETC. (IMPRINT)
Name of publisher Simon and Schuster,
Year of publication 2005.
300 ## - PHYSICAL DESCRIPTION
Number of Pages 242 pages
650 #0 - SUBJECT ADDED ENTRY--TOPICAL TERM
Topical Term Business & Economics.
942 ## - ADDED ENTRY ELEMENTS (KOHA)
Koha item type English Books
Holdings
Withdrawn status Lost status Damaged status Not for loan Home library Current library Shelving location Date acquired Full call number Accession Number Price effective from Koha item type
        Anna Centenary Library Anna Centenary Library 3RD FLOOR, B WING 06.02.2026 306.3 BAK 456608 06.02.2026 English Books

Find us on the map